The value of standing advice (Record no. 72125)
[ view plain ]
| 000 -LEADER | |
|---|---|
| fixed length control field | 01577cam a2200241 4500 |
| 001 - CONTROL NUMBER | |
| control field | ABS66464 |
| 008 - FIXED-LENGTH DATA ELEMENTS--GENERAL INFORMATION | |
| fixed length control field | 030218n2003 000 0 eng u |
| 035 ## - SYSTEM CONTROL NUMBER | |
| System control number | (Sirsi) u121372 |
| 100 ## - MAIN ENTRY--PERSONAL NAME | |
| Personal name | Eastman, C. |
| 245 #4 - TITLE STATEMENT | |
| Title | The value of standing advice |
| 260 ## - PUBLICATION, DISTRIBUTION, ETC. | |
| Date of publication, distribution, etc. | 2003 |
| 490 ## - SERIES STATEMENT | |
| Series statement | Planning (for the Natural and Built Environment) |
| Volume/sequential designation | (1510) 14 February 2003, 18(1) |
| 520 ## - SUMMARY, ETC. | |
| Summary, etc. | Highlights the role of the Environment Agency in the planning system and looks at the Agency's review of its planning consultation procedures. The Planning and Compulsory Purchase Bill places a duty on statutory consultees to respond to consultations within 21 days, and a review of the General Development Procedure Order 1995 (GDPO) is also expected. The Environment Agency is streamlining its procedures to cope with the 21 day response and advocates that the GDPO is revised to ensure that the agency is a statutory consultee for all development that poses a high environmental risk. In addition, the Environment Agency plans to use standing advice to respond to applications with low environmental risk. Expands on the use, scope and benefits of standing advice and concludes that standing advice should be clear, concise and non-technical. |
| 590 ## - LOCAL NOTE (RLIN) | |
| Local note | ABS |
| 650 ## - SUBJECT ADDED ENTRY--TOPICAL TERM | |
| Topical term or geographic name entry element | ENVIRONMENT AGENCY |
| 650 ## - SUBJECT ADDED ENTRY--TOPICAL TERM | |
| Topical term or geographic name entry element | TOWN AND COUNTRY PLANNING (GENERAL DEVELOPMENT PROCEDURE) ORDER 1995 |
| 650 ## - SUBJECT ADDED ENTRY--TOPICAL TERM | |
| Topical term or geographic name entry element | CONSULTATION PROCEDURES |
| 650 ## - SUBJECT ADDED ENTRY--TOPICAL TERM | |
| Topical term or geographic name entry element | ENVIRONMENTAL RISK |
| 650 ## - SUBJECT ADDED ENTRY--TOPICAL TERM | |
| Topical term or geographic name entry element | PLANNING APPLICATIONS |
| 650 ## - SUBJECT ADDED ENTRY--TOPICAL TERM | |
| Topical term or geographic name entry element | PLANNING AND COMPULSORY PURCHASE ACT 2004 |
| 690 ## - LOCAL SUBJECT ADDED ENTRY--TOPICAL TERM (OCLC, RLIN) | |
| Topical term or geographic name as entry element | PLANNING-PRACTICE |
| 942 ## - ADDED ENTRY ELEMENTS (KOHA) | |
| Suppress in OPAC | 0 |
| Withdrawn status | Lost status | Source of classification or shelving scheme | Damaged status | Not for loan | Home library | Current library | Shelving location | Date acquired | Total Checkouts | Full call number | Barcode | Date last seen | Copy number | Price effective from | Koha item type |
|---|---|---|---|---|---|---|---|---|---|---|---|---|---|---|---|
| Dewey Decimal Classification | London | London | Journal article | 18/02/2003 | ABS66464 | 121372-1001 | 06/08/2019 | 1 | 06/08/2019 | Journal article |